Estadísticas para Países por crecimiento poblacional, 1970–presente

Haz click aquí para intentar la prueba.

Estadísticas generales

  • Esta prueba ha sido intentada 1.126 veces
  • La puntuación promedio es 12 de 20

Estadísticas de respuestas

TasaAbsolutoPaís% Correcto
618 MChina
98%
884 MIndia
98%
143 MEstados Unidos
92%
122 MBrasil
82%
165 MIndonesia
79%
602%Níger
79%
172 MNigeria
76%
184 MPakistán
74%
84,1 MR. D. del Congo
70%
107 MBangladés
69%
100 MEtiopía
59%
623%Arabia Saudita
53%
2457%Catar
48%
3475%Emiratos Árabes Unidos
47%
707%Omán
43%
559%Kuwait
40%
678%Baréin
36%
624%Angola
31%
750%Jordania
29%
817%Yibuti
15%

Distribución de puntuación

Porcentaje por número respondido

Porcentaje de gente con cada puntuación

Historial de tus puntuaciones

No has intentado esta prueba.